Вып. 20 : Математика, механика; История и методология естественных наук

Bibliografiske detaljer
Parent link:История и методология естественных наук: сборник статей/ Московский государственный университет им. М. В. Ломоносова (МГУ). Вып. 20 : Математика, механика.— , 1960-1992
Andre forfattere: Рыбников К. А. (редактор)
Sprog:russisk
Udgivet: 1978
Fag:
Format: MixedMaterials Bog
KOHA link:https://koha.lib.tpu.ru/cgi-bin/koha/opac-detail.pl?biblionumber=336652

MARC

LEADER 00000nam2a2200000 4500
001 336652
005 20231102004857.0
035 |a (RuTPU)RU\TPU\book\363081 
035 |a RU\TPU\book\288644 
090 |a 336652 
100 |a 20171019d1978 k y0rusy5003 ca 
101 0 |a rus 
102 |a RU 
105 |a a z 001zd 
200 0 |a Вып. 20 : Математика, механика  |f под ред. К. А. Рыбникова 
210 |d 1978 
215 |a 245 с.  |c ил. 
320 |a Библиография в конце статей 
461 1 |0 (RuTPU)RU\TPU\book\174595  |t История и методология естественных наук  |o сборник статей  |f Московский государственный университет им. М. В. Ломоносова (МГУ)  |v Вып. 20 : Математика, механика  |d 1960-1992 
600 0 |a Бируни (Беруни)  |c полное имя Абу-р-Рейхан Мухаммед ибн Ахмед аль-Бируни  |c среднеазиатский ученый-энциклопедист  |f 973 - около 1050  |2 stltpush  |3 (RuTPU)RU\TPU\pers\13133  |9 3817 
600 1 |a Шебуев  |b Г. Н.  |c математик  |c геодезист  |f 1850-1900  |g Георгий Николаевич  |2 stltpush  |3 (RuTPU)RU\TPU\pers\34430  |9 17849 
600 1 |a Ершов  |b А. С.  |c русский механик  |c преподаватель Московского университета  |f 1818-1867  |g Александр Степанович  |2 stltpush  |3 (RuTPU)RU\TPU\pers\23143  |9 9975 
600 1 |a Эйлер  |g Леонард  |f 1717-1783  |b Л.  |c российский учёный швейцарского происхождения  |c математик  |c физик  |c механик  |c астроном  |2 stltpush  |3 (RuTPU)RU\TPU\pers\525 
600 1 |a Ломоносов  |g Михаил Васильевич  |b М. В.  |c учёный-естествоиспытатель, поэт, историк, художник, деятель просвещения, науки и экономики  |f 1711-1765  |2 stltpush  |3 (RuTPU)RU\TPU\pers\975 
600 0 |a Леонардо Пизанский (Фибоначчи)  |c итальянский математик  |f 1180-1240  |2 stltpush  |3 (RuTPU)RU\TPU\pers\21065  |9 8718 
600 1 |a Гильберт (Хильберт)  |b Д.  |c немецкий математик  |f 1862-1943  |g Давид  |c иностранный член-корреспондент Петербургской АН  |2 stltpush  |3 (RuTPU)RU\TPU\pers\36841 
600 1 |a Ампер  |g Андре Мари  |b А. М.  |c французский физик  |c один из основоположников электродинамика  |f 1775-1836  |2 stltpush  |3 (RuTPU)RU\TPU\pers\1100 
606 1 |a Естествознание  |x История  |2 stltpush  |3 (RuTPU)RU\TPU\subj\38880  |9 59129 
606 1 |a Математические науки  |2 stltpush  |3 (RuTPU)RU\TPU\subj\67342  |9 83185 
610 1 |a математика 
610 1 |a методология 
610 1 |a механика 
610 1 |a Древняя Греция 
610 1 |a арабский Восток 
610 1 |a Индия 
610 1 |a геометрическая статика 
610 1 |a алгебра Виета 
610 1 |a МГУ 
610 1 |a Академия наук СССР 
610 1 |a квантовая механика 
610 1 |a квадраты чисел 
610 1 |a квадратичные формы 
610 1 |a газовая динамика 
610 1 |a параллелограммы 
675 |a 50  |v 4 
675 |a 51(09)  |v 4 
702 1 |a Рыбников  |b К. А.  |4 340 
801 1 |a RU  |b 63413507  |c 20090819 
801 2 |a RU  |b 63413507  |c 20181023  |g RCR 
942 |c BK